000
00296pam a2200121a 44500
008
230405s xxu||||| |||| 00| 0 eng d
041
_a
ENG
100
_a
MS PAYAL MITTAL
245
_a
HUMAN ANATOMY AND PHYSIOLOGY - I
260
_a
NEW DELHI
_b
S VIKAS PUBLISHING
_c
300
_a
187
906
_a
2554
999
_c
267993
_d
267993